| 000 | 00701nam a2200217 a 4500 | ||
|---|---|---|---|
| 001 | 020358 | ||
| 003 | BD-ChCU | ||
| 008 | Ben | ||
| 020 | _a৯৮৪৩১১০১৯৬ | ||
| 040 |
_aDLC _cDLC _dBD-ChCU |
||
| 082 | 0 | 0 | _a১৮২/স্টেস ৬৮গ্রি |
| 100 | 1 |
_aস্টেস, ডব্ল টি _b- |
|
| 245 | 1 | 0 |
_aগ্রিক দর্শনের ইতিহাস _b- |
| 250 | _a*** | ||
| 260 |
_aঢাকা _bনওরোজ সাহিত্য সংসদ _c১৯৯১ |
||
| 300 | _a** | ||
| 504 | _a- Biblio- | ||
| 650 | 0 |
_aগ্রীক দর্শন-ইতিহাস _bগ্রীক দর্শন |
|
| 700 | 1 | _a- | |
| 942 |
_2ddc _cBK |
||
| 999 |
_c20358 _d20358 |
||